Statystyki dla Top 10 najmniejszych państw Azji według powierzchni

Kliknij tutaj aby rozwiązać quiz!

Ogólne statystyki

  • Ten quiz został rozwiązany 304 razy
  • Średni wynik to 8 z 10

Statystyki odpowiedzi

km2Państwo% Poprawnych
11 437Katar
85%
692Singapur
85%
620Bahrajn
83%
5770Brunei
79%
17 818Kuwejt
75%
300Malediwy
74%
15 007Timor Wschodni
73%
22 072Izrael
68%
10 452Liban
65%
9250Cypr
63%

Rozkład punktacji

Percentyl według liczby udzielonych odpowiedzi

Procent ludzi z każdym wynikiem

Twoja historia wyników

Nie rozwiązałeś tego quizu